|
|
|
|
| LEADER |
00000cam a2200000 7i4500 |
| 001 |
0000159729 |
| 005 |
20120816.0 |
| 020 |
|
|
|a 9789673718399
|
| 090 |
0 |
0 |
|a 629.892
|b WID
|
| 100 |
0 |
|
|a Widodo Budiharto
|
| 245 |
1 |
0 |
|a Membuat sendiri robot humanoid
|c Widodo Budiharto, Paulus Andi Nalwan
|
| 260 |
|
|
|a Kuala Lumpur :
|b Synergy Media ,
|c 20--
|
| 300 |
|
|
|a 232p. ;
|c 23cm.
|
| 490 |
0 |
|
|a Siri robot
|
| 650 |
0 |
0 |
|a Robotics
|
| 650 |
0 |
0 |
|a Robots
|x Design and construction
|
| 700 |
0 |
|
|a Paulus Andi Nalwan
|
| 999 |
|
|
|a 00260866
|b BUKU
|c PINJAMAN
|e PERPUSTAKAAN KOMUNITI PETALING JAYA
|
| 999 |
|
|
|a 00260867
|b BUKU
|c PINJAMAN
|e PERPUSTAKAAN KOMUNITI CAW KOTA DAMANSARA
|
| 999 |
|
|
|a 00268556
|b BUKU
|c PINJAMAN
|e PERPUSTAKAAN KOMUNITI CAW TAMAN MEDAN
|